| 000 | 00688nam a2200217Ia 4500 | ||
|---|---|---|---|
| 001 | 9846 | ||
| 003 | GE_BSU | ||
| 008 | 181216s||||||||xx |||||||||||||| ||und|| | ||
| 020 | _a9789994093342 | ||
| 040 | _cGE_BSU | ||
| 080 | _a821.353.1–1 | ||
| 245 | _a100 ლაზური ლექსი | ||
| 245 | _cშემდგ.თეა კალანდია.საგამომც.პროექტის ავტ.კახმეგ კუდავა | ||
| 260 | _aთბილისი | ||
| 260 | _bინტელექტი | ||
| 260 | _c2007 | ||
| 300 | _a150გვ.20სმ. | ||
| 541 | _h5ლ.70თ. | ||
| 653 | _a100 ლაზური ლექსი | ||
| 942 | _cBK | ||
| 999 |
_c43125 _d43125 |
||